Effectif Bayer 04 Leverkusen saison 2023/2024 - Statistiques

Statistiques générales
  • Ce quiz a été pris 150 fois
  • Le résultat moyen est 13 sur 29
Statistiques - réponses
Hint Réponse % Correct
M Florian Wirtz
95%
D Jeremie Frimpong
90%
D Álex Grimaldo
89%
Coach Xabi Alonso
87%
D Jonathan Tah
81%
M Granit Xhaka
78%
A Victor Boniface
78%
D Edmond Tapsoba
68%
G Lukáš Hrádecký
65%
D Piero Hincapié
59%
A Amine Adli
58%
A Patrik Schick
57%
A Nathan Tella
54%
M Exequiel Palacios
50%
M Robert Andrich
50%
D Josip Stanišić
39%
M Jonas Hofmann
38%
G Matěj Kovář
28%
A Borja Iglesias
26%
A Adam Hložek
20%
D Odilon Kossounou
18%
D Arthur Augusto
16%
M Noah Mbamba
13%
G Niklas Lomb
12%
D Timothy Fosu-Mensah
12%
M Gustavo Puerta
9%
M Nadiem Amiri
8%
M Ayman Aourir
5%
D Madi Monamay
4%
Aucun quiz correspondant
Distribution des résultats
% des personnes avec chaque résultat
Percentile par nombre de réponses
Votre historique - résultats
Vous n’avez pas pris ce quiz